000
00237 a2200097 4500
020
_a
9781585746958
100
_a
Murray,Nina Chandler
245
_a
The cruise of the Blue Dolphin : a family's adventure at sea
942
_c
BK
999
_c
7733
_d
7733
999
_d
7733